000 00285nam a2200121Ia 4500
005 20260326100038.0
008 260326s9999||||xx |||||||||||||| ||und||
100 _aDunlop, Beth
245 0 _aFrank Lloyd Wright /
_cBeth Dunlop
260 _bPhaidon
650 _aARQUITECTOS
942 _cBK
999 _c6879
_d6879